Money back guaranteed? (Record no. 79976)

MARC details
000 -LEADER
fixed length control field 01518cab a22002535a 4500
001 - CONTROL NUMBER
control field L142919
008 - FIXED-LENGTH DATA ELEMENTS--GENERAL INFORMATION
fixed length control field 080319e20080314xxk f 000 0 eng d
035 ## - SYSTEM CONTROL NUMBER
System control number (Sirsi) u142919
041 0# - LANGUAGE CODE
Language code of text/sound track or separate title eng
100 1# - MAIN ENTRY--PERSONAL NAME
Personal name Dovar, Daniel
245 00 - TITLE STATEMENT
Title Money back guaranteed?
260 ## - PUBLICATION, DISTRIBUTION, ETC.
Date of publication, distribution, etc. 2008
490 ## - SERIES STATEMENT
Series statement New Law Journal
Volume/sequential designation (7312/7313) 14 and 21 March 2008, 397-398(2)
520 ## - SUMMARY, ETC.
Summary, etc. Examines the functioning, effect and usefulness of the Tenancy Deposit Scheme, a year after its introduction. Provides an overview of actions required for compliance with the scheme. Describes the functioning of the Deposit Protection Service, including the process to be followed by tenants and landlords in the event of a dispute. Covers the methods of dispute resolution available, including court claims and The Dispute Service which offers arbitration and adjudication. Reports that the scheme appears to have been successful within its first year of operation, and suggests extending it to include tenancies other than assured shortholds.
590 ## - LOCAL NOTE (RLIN)
Local note KA
650 24 - SUBJECT ADDED ENTRY--TOPICAL TERM
Topical term or geographic name entry element HOUSING ACT 2004
650 24 - SUBJECT ADDED ENTRY--TOPICAL TERM
Topical term or geographic name entry element HOUSING (TENANCY DEPOSITS) (PRESCRIBED INFORMATION) ORDER 2007
650 24 - SUBJECT ADDED ENTRY--TOPICAL TERM
Topical term or geographic name entry element HOUSING ACT 1988
651 #4 - SUBJECT ADDED ENTRY--GEOGRAPHIC NAME
Geographic name England and Wales
Chronological subdivision 1543-
690 ## - LOCAL SUBJECT ADDED ENTRY--TOPICAL TERM (OCLC, RLIN)
Topical term or geographic name as entry element PROPERTY-RESIDENTIAL PROPERTY-RESIDENTIAL LANDLORD AND TENANT-RESIDENTIAL TENANCIES-ASSURED TENANCIES
690 ## - LOCAL SUBJECT ADDED ENTRY--TOPICAL TERM (OCLC, RLIN)
Topical term or geographic name as entry element MANAGEMENT-DISPUTE AVOIDANCE, MANAGEMENT AND RESOLUTION-DISPUTE MANAGEMENT AND RESOLUTION-ALTERNATIVE DISPUTE RESOLUTION
700 1# - ADDED ENTRY--PERSONAL NAME
Personal name Walsh, Michael
942 ## - ADDED ENTRY ELEMENTS (KOHA)
Suppress in OPAC 0
Holdings
Withdrawn status Lost status Source of classification or shelving scheme Damaged status Not for loan Home library Current library Shelving location Date acquired Total Checkouts Full call number Barcode Date last seen Copy number Price effective from Koha item type
    Dewey Decimal Classification     London London Journal article 19/03/2008   L142919 142919-1001 06/08/2019 1 06/08/2019 Journal article